Statistics for Country world champion of: Field Hockey

Click here to take the quiz!

General Stats

  • This quiz has been taken 20 times
  • The average score is 6 of 7

Answer Stats

Golden MedalManWomanCountries% Correct
532Germany
94%
11India
94%
1239Netherlands
94%
532Australia
82%
11Belgium
82%
44Pakistan
82%
22Argentina
76%

Score Distribution

Percentile by Number Answered

Percent of People with Each Score

Your Score History

You have not taken this quiz